Anagrammes de départements français (version difficile) - Statistiques

Statistiques générales
  • Ce quiz a été pris 653 fois
  • Le résultat moyen est 38 sur 51
Statistiques - réponses
Départements Anagrammes % Correct
Gers 32 Serg
97%
Haute-Loire 43 Laure-Hetoi
96%
Aube 10 Euba
95%
Cher 18 Herc
93%
Nord 59 Dron
93%
Jura 39 Aurj
92%
Doubs 25 Sdoub
91%
Drôme 26 Remôd
91%
Gard 30 Drag
91%
Haute-Corse 2B Corte-Heusa
91%
Hautes-Pyrénées 65 Setahu-Réypénes
90%
Ain 01 Nia
89%
Côte-d'Or 21 Droe-c'Ôt
89%
Meuse 55 Seume
89%
Oise 60 Soie
89%
Orne 61 Rone
89%
Lozère 48 Zolère
88%
Pyrénées-Orientales 66 Réypénes-Saloitenre
85%
Territoire de Belfort 90 Troirietre eb Dolfert
85%
Vaucluse 84 Alusvecu
85%
Corrèze 19 Zorerèc
84%
Loire 42 Roile
84%
Somme 80 Memos
84%
Aisne 02 Anise
83%
Pyrénées-Atlantiques 64 Réypénes Quatantisel
83%
Ille-et-Vilaine 35 Illl-ai-Nievete
81%
Creuse 23 Esuerc
78%
Isère 38 Reèsi
77%
Maine-et-Loire 49 Naime-et-Roile
76%
Mayotte 976 Toymate
75%
Cantal 15 Talcan
74%
Ardennes 08 Sennedra
72%
Manche 50 Camhen
69%
Puy-de-Dôme 63 Deu-yô-Dmpe
69%
Hérault 34 Tléhrua
68%
Ariège 09 Griaeè
67%
Martinique 972 Quenritima
66%
Gironde 33 Ednorig
65%
Nièvre 58 Vreinè
64%
Sarthe 72 Hersat
62%
Loire-Atlantique 44 Rolie-Quatanitel
58%
Saône-et-Loire 71 Snltr-oô-Eeeai
55%
Charente 16 Nethacre
54%
Côtes-d'Armor 22 Dromt-ô'Cesar
53%
Alpes-Maritimes 06 Aaeei-Immlprtss
51%
Charente-Maritime 17 Aaeeeiim-Mttrrnhc
47%
Haute-Savoie 74 Vaste-Oieuha
44%
Seine-Maritime 76 Smmtr-neeeaiii
41%
Tarn-et-Garonne 82 Enno-ra-gtenrat
39%
Indre-et-Loire 37 Eriol-de-Ertni
38%
Val-de-Marne 94 Der-en-Lavam
35%
Aucun quiz correspondant
Distribution des résultats
% des personnes avec chaque résultat
Percentile par nombre de réponses
Votre historique - résultats
Vous n’avez pas pris ce quiz